Statistics for Countries that Start with D

Click here to take the quiz!

General Stats

  • This quiz has been taken 83,447 times
    (82,676 since last reset)
  • The average score is 4 of 5

Answer Stats

Country % Correct
Denmark
96%
Democratic Republic of the {Congo}
88%
Djibouti
77%
Dominica
75%
Dominican Republic
70%

Score Distribution

Percentile by Number Answered

Percent of People with Each Score

Your Score History

You have not taken this quiz since the last reset